Tous les niveaux de Donkey Kong Country Returns - Statistiques

Statistiques générales
  • Ce quiz a été pris 28 fois
  • Le résultat moyen est 40 sur 80
Statistiques - réponses
Monde/Niveau Réponse % Correct
Monde 1 Jungle
100%
Monde 5 Forêt
92%
Monde 2 Plage
92%
Monde 7 Usine
92%
Monde 8 Volcan
92%
Monde 4 Caverne
83%
Monde 3 Ruines
83%
Monde 6 Falaise
75%
Monde 2-6 À dos de Cachalot
58%
Monde 2-7 Infini Tsunami
58%
Monde 5-8 Rapides Arachnides
58%
Monde 9 Temple d'Or
58%
Monde 2-4 Baie Bombardée
54%
Monde 8-5 Basalte Bouillant
54%
Monde 4-4 Bigleux Belliqueux
54%
Monde 1-5 Canons de la Canopée
54%
Monde 4-5 Chauve qui Peut
54%
Monde 6-1 Goudron Gluant
54%
Monde 1-1 Jungle Déjantée
54%
Monde 6-K Magma Mia
54%
Monde 2-5 Mer Tentaculaire
54%
Monde 1-3 Palmiers à Bascule
54%
Monde 3-B Piaf Explosif
54%
Monde 6-B Rhinodino d'Assaut
54%
Monde 1-2 Roi des Parois
54%
Monde 7-6 Tactique Chromatique
54%
Monde 4-B Train des Taupes
54%
Monde 7-B Volaille en Ferraille
54%
Monde 6-8 Ascension à Sensations
50%
Monde 6-4 Boum Bada Boules
50%
Monde 5-B Chenille en Vrille
50%
Monde 3-4 Dangereux Donjon
50%
Monde 8-7 Éruption Imminente
50%
Monde 8-2 Fougueuse Fusée
50%
Monde 3-3 Galions et Canons
50%
Monde 2-3 Jetée de la Fusée
50%
Monde 8-6 Mer de Magma
50%
Monde 3-5 Mordeurs Farceurs
50%
Monde 4-K Pics Épiques
50%
Monde 7-7 Pistons et Percussions
50%
Monde 6-5 Plateau du Rhino
50%
Monde 1-6 Rails Aïe Aïe
50%
Monde 1-4 Rive du Couchant
50%
Monde 2-2 Sables Sournois
50%
Monde 5-5 Singes-Canons
50%
Monde 2-K Temple Plongeant
50%
Monde 8-B Terreur de Tiki Tong
50%
Monde 5-4 Totems Titubants
50%
Monde 6-2 Trafic Préhistorique
50%
Monde 8-3 Train d'Enfer
50%
Monde 4-1 Trajet Tragique
50%
Monde 5-1 Vallée des Lianes
50%
Monde 3-1 Vestiges Vétustes
50%
Monde 4-2 Wagons et Gazon
50%
Monde 8-1 Feux Furieux
46%
Monde 7-1 Fumeuse Fabrique
46%
Monde 1-B Glouton Grognon
46%
Monde 7-3 Poings Pilons
46%
Monde 5-2 Primates Acrobates
46%
Monde 4-3 Voie de l'Effroi
46%
Monde 7-2 Acier Assommant
42%
Monde 6-7 Crête des Crustacés
42%
Monde 8-4 Vapeurs Volcaniques
42%
Monde 3-6 Pierres Précaires
42%
Monde 2-B Pirate Pince-sans-rire
42%
Monde 1-K Sol Insolent
42%
Monde 3-2 Timing Tendu
42%
Monde 5-K Rebonds et Explosions
38%
Monde 8-K Tests en Série
38%
Monde 2-1 Vagues à Lames
38%
Monde 6-6 Canyon Chaotique
33%
Monde 7-4 Echappée Industrielle
33%
Monde 3-K Blocs de Choc
25%
Monde 5-7 Lianes Alienantes
25%
Monde 7-F Virée en Fusée
25%
Monde 5-6 Flore à Ressorts
21%
Monde 7-K Lumières Ferroviaires
21%
Monde 5-3 Plateformes Ailées
21%
Monde 7-5 Ronde des Rouages
21%
Monde 6-3 Danse des Balances
17%
Aucun quiz correspondant
Distribution des résultats
% des personnes avec chaque résultat
Percentile par nombre de réponses
Votre historique - résultats
Vous n’avez pas pris ce quiz